| 000 | 01064nam0a22002651 4500 | ||
|---|---|---|---|
| 001 | rc\215375 | ||
| 005 | 20250620234656.0 | ||
| 010 |
_a5-89071-013-3 _9150 |
||
| 035 | _a(NLR Aleph) 005464178 | ||
| 090 |
_a4984259 _c4984259 |
||
| 100 | _a20030307d1995 |||y0rusy50 ca | ||
| 101 | 0 | _arus | |
| 102 | _aRU | ||
| 105 | _ay ||||||||| | ||
| 200 | 1 |
_aКурс лекций по политологии _eДля студентов V-VI курсов _fБурдова И.В., Бурдов В.Т. _gГос. ком. Рос. Федерации по высш. образованию. Рост.-на-Дону ин-т автоматизации и технологии машиностроения |
|
| 210 |
_aРостов н/Д _cРИАТМ _d1995 |
||
| 215 |
_a100 с. _d21 |
||
| 320 | _aБиблиогр.: с. 98-99 и в подстроч. примеч. | ||
| 700 | 1 |
_aБурдова _bИ.В. _gИнна Васильевна |
|
| 701 | 1 |
_aБурдов _bВ.Т. |
|
| 801 | 0 |
_aRU _bNLR _gpsbo |
|
| 801 | 1 |
_aRU _bELAR _2rusmarc |
|
| 852 |
_aNLR _j98-4/6304 |
||
| 942 | _cBOOK | ||
| 980 | _aNB | ||